les 20 préfectures les plus proches de Toulouse à vol d'oiseau - Statistiques

Statistiques générales
  • Ce quiz a été pris 350 fois
  • Le résultat moyen est 17 sur 20
Statistiques - réponses
distance (en km) ville préfecture % Correct
196 Montpellier
94%
150 Pau
92%
67 Albi
91%
212 Bordeaux
91%
47 Montauban
91%
155 Perpignan
91%
85 Carcassonne
90%
123 Rodez
87%
118 Tarbes
87%
72 Foix
86%
93 Agen
85%
69 Auch
84%
94 Cahors
82%
236 Nimes
82%
160 Mont de Marsan
79%
193 Mende
71%
249 Limoges
69%
187 Tulle
69%
186 Perigueux
68%
168 Aurillac
64%
Aucun quiz correspondant
Distribution des résultats
% des personnes avec chaque résultat
Percentile par nombre de réponses
Votre historique - résultats
Vous n’avez pas pris ce quiz